Sitting down for Dr. King : (Record no. 3250)

MARC details
000 -LEADER
fixed length control field 01220nam a22002417a 4500
001 - CONTROL NUMBER
control field 3250
003 - CONTROL NUMBER IDENTIFIER
control field FISKH
005 - DATE AND TIME OF LATEST TRANSACTION
control field 20260120120729.0
008 - FIXED-LENGTH DATA ELEMENTS--GENERAL INFORMATION
fixed length control field 240222b cb ||||| |||| 00| 0 eng d
020 ## - INTERNATIONAL STANDARD BOOK NUMBER
International Standard Book Number 9780545344777
040 ## - CATALOGING SOURCE
Original cataloging agency FISKH
Language of cataloging eng
Transcribing agency FISKH
Modifying agency FISKH
082 ## - DEWEY DECIMAL CLASSIFICATION NUMBER
Classification number 416
100 ## - MAIN ENTRY--PERSONAL NAME
Personal name Ryder, Charles
245 ## - TITLE STATEMENT
Title Sitting down for Dr. King :
Remainder of title A one-act play /
Statement of responsibility, etc. by Charles Ryder ; Based on the play by Mack Lewis
260 ## - PUBLICATION, DISTRIBUTION, ETC.
Place of publication, distribution, etc. New York :
Name of publisher, distributor, etc. Scholastic,
Date of publication, distribution, etc. 2011.
300 ## - PHYSICAL DESCRIPTION
Extent 32 pages :
Dimensions 21 cm
505 ## - FORMATTED CONTENTS NOTE
Formatted contents note NP<br/>
520 ## - SUMMARY, ETC.
Summary, etc. Sitting down for Dr. King was inspired by the true story of the lunch counter sit-ins of 1960. The sit-ins started on February 1, 1960, when four African American college students, inspired by Dr. King's peaceful protests, walked into a Woolworth's department store in Greensboro, North Carolina, and sat at the lunch counter. Only four days after the sit in began, 300 students participated in the peaceful protest. The sit-ins sparked protests throughout the Southern states. Today, the Greensboro sit-ins are remembered as an important event in American history.
521 8# - TARGET AUDIENCE NOTE
Target audience note 80<br/>
Source Lexile <br/>
521 8# - TARGET AUDIENCE NOTE
Target audience note NP<br/>
Source Raz-Plus <br/>
650 ## - SUBJECT ADDED ENTRY--TOPICAL TERM
Topical term or geographic name entry element Conversation
942 ## - ADDED ENTRY ELEMENTS (KOHA)
Source of classification or shelving scheme Dewey Decimal Classification
Koha item type Books
Suppress in OPAC No
Holdings
Withdrawn status Lost status Source of classification or shelving scheme Damaged status Not for loan Collection Home library Current library Shelving location Date acquired Total Checkouts Full call number Barcode Date last seen Copy number Price effective from Koha item type
    Dewey Decimal Classification     Non-Fiction Footprints International School Library Network Toul Kork Campus Footprints International School Library Network Toul Kork Campus TK Primary Library Room(4th Floor), Bookcase 7, Shelves 57-60, Dark Green Books 02/22/2024   RYD 416 FISTK04842 02/22/2024 1 02/22/2024 Books
    Dewey Decimal Classification     Non-Fiction Footprints International School Library Network Toul Kork Campus Footprints International School Library Network Toul Kork Campus   05/21/2024   RYD 416 2024-0662 05/21/2024 2 05/21/2024 Books
    Dewey Decimal Classification     Non-Fiction Footprints International School Library Network Toul Tom Poung Campus Footprints International School Library Network Toul Tom Poung Campus TTP Primary Green Bookshelves 01/20/2026   RYD 416 FIS05532 01/20/2026 3 01/20/2026 Books